000
00300nam a2200121Ia 4500
008
220216s9999 xx 000 0 und d
100
_a
Ouseph T.
245
0
_a
TSR turns favourite
260
_b
Rubber Board Bulletin
_c
1987
300
_a
29-31
650
_a
Technically specified rubber
942
_c
BS
999
_c
51156
_d
51156